|
|
|
|
| LEADER |
00000nta a2200000 i 4500 |
| 001 |
dolg24414 |
| 005 |
20191214110555.0 |
| 008 |
191214suuuu hu om 000 hun d |
| 040 |
|
|
|a BGE Dolgozattár Repozitórium
|b hun
|
| 041 |
|
|
|a hu
|
| 100 |
1 |
|
|a Huba Eszter
|
| 245 |
1 |
2 |
|a A közösségi média használatának lehetőségei a marketingben
|c Huba Eszter
|h [elektronikus dokumentum]
|
| 695 |
|
|
|a Közösségi média
|
| 695 |
|
|
|a Facebook
|
| 695 |
|
|
|a Fizetett hirdetések
|
| 700 |
1 |
|
|a Babanics Írisz
|e ths
|
| 700 |
1 |
|
|a Nemes Bettina
|e ths
|
| 856 |
4 |
0 |
|u http://dolgozattar.uni-bge.hu/24414/7/HubaEszter-A%20k%C3%B6z%C3%B6ss%C3%A9gi%20m%C3%A9dia%20haszn%C3%A1lat%C3%A1nak%20lehet%C5%91s%C3%A9gei%20a%20marketingben-191213.pdf
|z Dokumentum-elérés
|